000 01599cai a22002175a 4500
001 L158697
008 070418u2015 xxk g 000 0 eng d
035 _a(Sirsi) u158697
041 0 _aeng
110 2 _aCITB-ConstructionSkills
_94992
240 _aCDM 2015
245 0 0 _aConstruction (Design and Management) Regulations 2015
_bIndustry guidance
_h[electronic resource]
505 _aClients: Industry guidance for Clients -- Principal Designers: Industry guidance for Principal Designers -- Designers: Industry guidance for Designers -- Principal Contractors: Industry guidance for Principal Contractors -- Contractors: Industry guidance for Contractors -- Workers: Industry guidance for Workers
520 _aProvides the industry guidance on the Construction (Design and Management) Regulations 2015, written by industry volunteers appointed via the Construction Industry Advisory Committee (CONIAC) with small businesses in mind. There are six documents: one for each of the five duty holders under CDM 2015 and an additional one for workers. Each one sets out in practical terms what actions are required to deliver building and construction projects in a way that prevents injury and ill health.
590 _aKA NTK
650 2 4 _aCONSTRUCTION (DESIGN AND MANAGEMENT) REGULATIONS 2015
651 4 _aGreat Britain
_y1707-
690 _aDesign and specification
856 4 0 _uhttps://www.citb.co.uk/health-safety-and-other-topics/health-safety/construction-design-and-management-regulations/cdm-guidance-documents/
_zView the website free of charge at www.citb.co.uk...
942 _n0
999 _c121036
_d121036